• 首页
  • 本馆介绍
  • 公告通知
  • 最新文献
  • 馆藏检索
  • 电子资源
  • 读者导购
  • 参考咨询
  • 我的图书馆
  • 登录
  • 详细信息显示
  • 放入我的书架
  • 预约/预借图书
  • 作者相关作品
  • 分类相关作品
  • 丛书相关作品
  • 出版社相关作品

书目信息

  • 表格格式
  • 工作单格式
  • 卡片格式
题名:
学生热爱祖国教育
    
 
作者: 萧枫 , 姜忠喆 主编
分册:  
出版信息: 长春   吉林出版集团有限责任公司  2012
页数: 197页
开本: 23cm
丛书名: 四特教育系列丛书
单 册:
中图分类: G631.4
科图分类:
主题词: 中小学生--zhong xiao xue sheng--爱国主义教育
电子资源:
ISBN: 978-7-5463-8776-5
000 01083nam 2200301 45
001 012001003009
005 20131101105001.0
010    @a978-7-5463-8776-5@dCNY39.00
099    @aCAL 012013013721
100    @a20130122d2012 em y0chiy50 ea
101 0  @achi
102    @aCN@b220000
105    @aa z 000yy
106    @ar
200 1  @a学生热爱祖国教育@Axue sheng re ai zu guo jiao yu@f主编萧枫, 姜忠喆
210    @a长春@c吉林出版集团有限责任公司@d2012
215    @a197页@c图@d23cm
225 2  @a四特教育系列丛书@Asi te jiao yu xi lie cong shu@i班主任治班之道丛书
312    @a英文题名取自封面
330    @a本书主要内容包括: 学生热爱祖国教育的理论指导 ; 学生热爱祖国教育的故事推荐 ; 学生热爱祖国教育的主题活动。
410  0 @12001@a四特教育系列丛书@i班主任治班之道丛书
510 1  @aStudents love the motherland education@zeng
606 0  @a中小学生@Azhong xiao xue sheng@x爱国主义教育
690    @aG631.4@v5
701  0 @a萧枫@Axiao feng@4主编
701  0 @a姜忠喆@Ajiang zhong zhe@4主编
801  2 @aCN@b江苏凤凰@c20191020
905    @b1231617-20@dG631.4@e780@f4
    
    学生热爱祖国教育/主编萧枫, 姜忠喆.-长春:吉林出版集团有限责任公司,2012
    197页:图;23cm.-(四特教育系列丛书.班主任治班之道丛书)
    
    
    ISBN 978-7-5463-8776-5:CNY39.00
    本书主要内容包括: 学生热爱祖国教育的理论指导 ; 学生热爱祖国教育的故事推荐 ; 学生热爱祖国教育的主题活动。
●
相关链接 在E读中查询图书 在五车中查询图书 在当当中查询图书 在豆瓣中查询图书


正题名:学生热爱祖国教育     索取号:G631.4/780         预约/预借

序号 登录号 条形码 馆藏地/架位号 状态 备注
1 1231617   212316171   第一样本阅览室/ [索取号:G631.4/780] 在馆    
2 1231618   212316180   教育系资料室/ [索取号:G631.4/780] 在馆    
3 1231619   212316199   教育系资料室/ [索取号:G631.4/780] 在馆    
4 1231620   212316206   第四借阅区/ [索取号:G631.4/780] 在馆    
唐山师范学院图书馆 欢迎您!
大连网信软件有限公司© 版权所有